Administración de la producción y las operaciones /

Contenido: I. Administración y operaciones; II. Planeación del sistema de conversión; III. Organización para la conversión; IV. Planeación del uso del sistema de conversión; 5. Control del sistema de conversión; 6. Administración de la dinámica de las operaciones.

محفوظ في:
التفاصيل البيبلوغرافية
المؤلف الرئيسي: Adam, Everett E. (autor)
مؤلفون آخرون: Ebert, Ronald J. (autor) (autor)
التنسيق: كتاب
اللغة:الإسبانية
منشور في: Madrid, España : Prentice-Hall, 1981, c1981
الموضوعات:
الوسوم: إضافة وسم
لا توجد وسوم, كن أول من يضع وسما على هذه التسجيلة!

MARC

LEADER 00000nam^a2200000^a^4500
001 000038901
005 20250521000000.0
009 20260310085522.816
020 |a 0-13-005090-3 
037 |a Acervo ITESO - Biblioteca 
041 |a ESP 
082 |a 658. 5  |b ADA 
100 |a Adam, Everett E.  |e (autor) 
240 1 1 |a [Administración de la producción y las operaciones] 
245 1 0 |a Administración de la producción y las operaciones /  |c E.E. Adam, Ronald J. Ebert ; tr. de Alberto León Betancourt. 
264 4 |a Madrid, España :  |b Prentice-Hall,  |c 1981, c1981 
300 |a 797 p. 
336 |a texto  |b txt  |2 rdacontenido 
337 |a sin mediación  |b n  |2 rdamedio 
338 |a volumen  |b nc  |2 rdasoporte 
500 |a Traducción de: Production and Operations Management 
520 |a Contenido: I. Administración y operaciones; II. Planeación del sistema de conversión; III. Organización para la conversión; IV. Planeación del uso del sistema de conversión; 5. Control del sistema de conversión; 6. Administración de la dinámica de las operaciones. 
649 |a XX 
650 |a Administración del Producto -  |x Tema Principal 
650 |a Proceso de Producción 
650 |a Ciencias Administrativas 
650 |a Administración de Proyectos 
650 |a Diseño Industrial 
650 |a Planeación de una Industria 
650 |a Ingeniería Industrial 
700 |a Ebert, Ronald J.  |e (autor) 
910 |a Fondo General 
920 |a Impresos - Libros 
930 |a Colección General 
905 |a 101 
901 |a 0500012310  |b IT1  |c ACC  |u 20250521 
902 |a https://opac.biblio.iteso.mx/vufind/Record/000038901